• 首页
  • 本馆介绍
  • 公告通知
  • 最新文献
  • 馆藏检索
  • 电子资源
  • 读者导购
  • 参考咨询
  • 我的图书馆
  • 登录
  • 详细信息显示
  • 放入我的书架
  • 预约/预借图书
  • 作者相关作品
  • 分类相关作品
  • 丛书相关作品
  • 出版社相关作品

书目信息

  • 表格格式
  • 工作单格式
  • 卡片格式
题名:
中国在反击
    
 
作者: 史沫特莱 , Smedley 著 ;江枫 译
分册:  
出版信息: 长沙   湖南人民出版社  1987.8
页数: 255页
开本: 19cm
丛书名:
单 册:
中图分类: I712.65 , I712.4
科图分类:
主题词: 日记 , 抗日战争--史料 , 抗日战争 , 农村革命根据地--中国--史料 , 农村革命根据地
电子资源:
ISBN: 7-217-00131-5
000 01210nam0 2200361 450
001 1537226257
005 20150121102109.37
010    @a7-217-00131-5@dCNY1.85
100    @a20130329d1987 ekmy0chiy0110 ea
101 1  @achi@ceng
102    @aCN@b430000
105    @ay p 000zy
200 1  @a中国在反击@9zhong guo zai fan ji@e一个美国女人和八路军在一起@f(美)史沫特莱(Smedley,A.)著@g江 枫译
210    @a长沙@c湖南人民出版社@d1987.8
215    @a255页@c照片@d19cm
300    @a本书据The Vanguard press, Inc. New York,1938年版本译出
300    @a书前冠有安娜·路易丝·斯特朗的序言
300    @a书名原文∶China Fights Back
510 1  @aChina fights back@zeng
600  1 @a史沫特莱@c(Smedley, Agnes@b1890-1950)@x日记
600  1 @a史沫特莱@c(Smedley, Agnes@b1890-1950)
606 0  @a日记
606 0  @a抗日战争@x史料
606 0  @a抗日战争
606 0  @a农村革命根据地@y中国@x史料
606 0  @a农村革命根据地
690    @aI712.65@v1980
690    @aI712.4@v4
701  1 @c(美)@a史沫特莱@9shi mo te lai@c(女, Smedley, Agnes@f1890~1950)@4著
701  1 @aSmedley@9shi mo te lai@bA.@4著
702  0 @a江枫@9jiang feng@4译
801  0 @aCN@bTSSF@c20150121
905    @aZUCC@dI712.4@eJY93
    
    中国在反击:一个美国女人和八路军在一起/(美)史沫特莱(Smedley,A.)著/江 枫译.-长沙:湖南人民出版社,1987.8
    255页:照片;19cm
    本书据The Vanguard press, Inc. New York,1938年版本译出.-书前冠有安娜·路易丝·斯特朗的序言.-书名原文∶China Fights Back
    
    ISBN 7-217-00131-5:CNY1.85
    
●
相关链接 在E读中查询图书 在五车中查询图书 在当当中查询图书 在豆瓣中查询图书


正题名:中国在反击     索取号:I712.4/JY93         预约/预借

序号 登录号 条形码 馆藏地/架位号 状态 备注
1 7856889   278568890   学院路分馆/ [索取号:I712.4/JY93] 在馆    
2 7856890   278568907   学院路分馆/ [索取号:I712.4/JY93] 在馆    
3 7856891   278568916   学院路分馆/ [索取号:I712.4/JY93] 在馆    
唐山师范学院图书馆 欢迎您!
大连网信软件有限公司© 版权所有